000 00433nam a22001697a 4500
999 _c9520
_d9520
003 GBCCL
005 20241126110713.0
008 230221b ||||| |||| 00| 0 eng d
040 _cgbc
082 _a253.22
_bHUN
100 _aHung-Whan, D D Kim
_916573
245 _aTheory of Pastor's wife
260 _aSouth Korea :
_bLife & Power press,
_c2005
300 _a132p. ;
650 _aSpouses of clergy
_94388
942 _2ddc
_cBK
_02